Piłka nożna - La Liga kółko i krzyżyk vol. 3 - Statystyki

Ogólne statystyki
  • Ten quiz został rozwiązany 1 102 razy
  • Średni wynik to 6 z 9
Statystyki odpowiedzi
Hint Odpowiedź % Poprawnych
Real/Portugalia Coentrao | Carvalho | Ronaldo | Pepe | Figo | Secretario
100%
Real/Niemcy Rudiger | Kroos | Khedira | Ozil | Metzelder | Illgner | Schuster | Stielike | Breitner | Netzer
93%
FCB/Portugalia Cancelo | Felix | Trincao | Semedo | Gomes | Deco | Quaresma | Simao | Couto | Baia | Figo | Mendonca
90%
Real/Belgia Hazard | Courtois | Goyvaerts
89%
FCB/Niemcy Gundogan | ter Stegen | Enke | Schuster | Walter | Steinberg
88%
Atletico/Belgia Vermeeren | Witsel | Carrasco | Alderweireld | Courtois
79%
Atletico/Portugalia Felix | Martins | Pizzi | Silvio | Tiago | Simao | Ze Castro | Costinha | Maniche | Dani | Leal | Futre | Mendonca
69%
FCB/Belgia Vermaelen | Goyvaerts
26%
Atletico/Niemcy Schuster | Votava
11%
Nie znaleziono quizów pasujących do podanych kryteriów
Rozkład punktacji
Procent ludzi z każdym wynikiem
Percentyl według liczby udzielonych odpowiedzi
Twoja historia wyników
Nie rozwiązałeś tego quizu